| 000 | 00610nam a2200217Ia 4500 | ||
|---|---|---|---|
| 003 | GCL | ||
| 008 | 140319s9999 xx 000 0 eng d | ||
| 040 |
_aGCL / _cGCL |
||
| 082 | 0 | 4 |
_a401.93 _bA C |
| 100 | 1 | _aAKKINSON, MARTIN | |
| 245 | 1 | 0 |
_aCHILDREN'S SYNTAX: AN INTERNATIONAL TO PRINCIPLES AND PARAMETERS THEORY / _cAKKINSON, MARTIN |
| 260 |
_a[S.N] : _bBLACKWELL ، _c1992 |
||
| 300 | _a325 P | ||
| 650 | 0 | 4 | _aLANGUAGE - ACQUISITION |
| 650 | 0 | 4 | _aPRINCIPLES AND PARAMETERS |
| 650 | 0 | 4 | _aGRAMMAR |
| 650 | 0 | 4 | _aLINGUISTICS |
| 650 | 0 | 4 | _aSYNTAX |
| 650 | 0 | 4 | _aCOMPARATIVE AND GENERAL |
| 942 |
_2ddc _cBK |
||
| 999 |
_c25231 _d25231 |
||